000 00403nam a2200193Ia 4500
008 240510s9999 xx 000 0 und d
020 _a0000081702926
041 _aEng
082 _a006.6
082 _bG61
100 _aGrabwski,R
245 0 _alearn auto CAD 12 in a day
260 _bBPB:USA
260 _c1994
300 _a153 p.
650 _aAuto Cad
942 _2ddc
942 _cLBK
999 _c27174
_d27174
945 _a1
_bMadushi Gamage
_c1
_dMadushi Gamage